000 01217nam a2200325Ia 4500
001 ebr10159632
003 CaPaEBR
006 m u
007 cr cn|||||||||
008 940627s1994 mnuab s 000 0 eng d
010 _z 94029105
020 _z9781570250248
020 _z1570250243
040 _aCaPaEBR
_cCaPaEBR
035 _a(OCoLC)191935411
050 1 4 _aF612.L3
_b.B53 1994eb
082 0 4 _a917.76/76
_220
100 1 _aBlacklock, Nadine.
245 1 0 _aGooseberry
_h[electronic resource] /
_cNadine Blacklock, Craig Blacklock.
260 _aDuluth, Minn. :
_bPfeifer-Hamilton,
_cc1994.
300 _a77 p. :
_bcol. ill., 1 col. map.
533 _aElectronic reproduction.
_bPalo Alto, Calif. :
_cebrary,
_d2009.
_nAvailable via World Wide Web.
_nAccess may be limited to ebrary affiliated libraries.
650 0 _aNature photography.
651 0 _aGooseberry Falls State Park (Minn.)
_vPictorial works.
651 0 _aMinnesota
_vPictorial works.
655 7 _aElectronic books.
_2local
700 1 _aBlacklock, Craig.
710 2 _aebrary, Inc.
856 4 0 _uhttp://site.ebrary.com/lib/rucke/Doc?id=10159632
_zAn electronic book accessible through the World Wide Web; click to view
999 _c133492
_d133492